Central Library and Information Centre
Sibsagar Girls' College, Sivasagar : Assam

MONEY BANKING AND INTERNATIONAL TRADE (Record no. 6849)

MARC details
000 -LEADER
fixed length control field 00366cam a2200157ua 4500
008 - FIXED-LENGTH DATA ELEMENTS--GENERAL INFORMATION
fixed length control field 060101n1982 II |||gr||||Z||||||eng
040 ## - CATALOGING SOURCE
Original cataloging agency MAIN
041 ## - LANGUAGE CODE
-- English
082 ## - DEWEY DECIMAL CLASSIFICATION NUMBER
Classification number 332.4 SUN
100 ## - MAIN ENTRY--PERSONAL NAME
Personal name SUNDARAM , K.P.M .
245 ## - TITLE STATEMENT
Title MONEY BANKING AND INTERNATIONAL TRADE
260 ## - PUBLICATION, DISTRIBUTION, ETC.
Place of publication, distribution, etc. AGRA
Name of publisher, distributor, etc. RATAN PRAKASHAN
Date of publication, distribution, etc. 1982
300 ## - PHYSICAL DESCRIPTION
Extent 312.
942 ## - ADDED ENTRY ELEMENTS (KOHA)
Koha item type Books
Holdings
Withdrawn status Lost status Damaged status Not for loan Collection code Home library Current library Shelving location Date acquired Full call number Barcode Date last seen Copy number Price effective from Koha item type
        TBECO Central Library and Information Centre Sibsagar Girls College Central Library and Information Centre Sibsagar Girls College Economics Rack 19.08.1980 332.4 SUN 06123 27.02.2020 1 27.02.2020 Books


Sibsagar Girl's College © 2020. All rights reserved.
Powered by Koha.
Maintained by Abhijit Borpuzari.